[Event "Challenge"]
[Site "http://www.queenalice.com/game.php?id=20656"]
[Date "2005.7.21"]
[Round "-"]
[White "colorm"]
[Black "gopzito"]
[Result "1-0"]
[WhiteElo "1899"]
[BlackElo "1575"]

1. e4 e6 2. d4 d5 3. e5 c5 4. c3 Nc6 5. Nf3 cxd4 6. cxd4 Bd7 7. Nc3 Bb4 8. Bd3
Nge7 9. O-O a6 10. a3 Bxc3 11. bxc3 Rc8 12. Bg5 O-O 13. Qb1 Qc7 14. Bxh7+ Kh8
15. Bd3 Nf5 16. Qc1 Nce7 17. Bxe7 Nxe7 18. Qg5 Ng8 19. Rfc1 Nh6 20. Qh4 Qd8 21.
Qf4 f5 22. exf6 Qxf6 23. Qd6 1-0

[Event "Challenge"]
[Site "http://www.queenalice.com/game.php?id=22559"]
[Date "2005.8.3"]
[Round "-"]
[White "catspawn735"]
[Black "colorm"]
[Result "1-0"]
[WhiteElo "1916"]
[BlackElo "1902"]

1. Nf3 c5 2. Nc3 Nf6 3. e4 d6 4. d4 cxd4 5. Qxd4 Nc6 6. Qa4 a6 7. Bd3 Qb6 8. O-O
Qb4 9. Be3 Bg4 10. Nd4 Qxa4 11. Nxa4 Nb4 12. f3 Bd7 13. Nb6 Rd8 14. Rad1 e5 15.
Nf5 Bxf5 16. exf5 d5 17. Rfe1 Be7 18. a3 Nxd3 19. cxd3 Bd6 20. Rc1 O-O 21. g4 h6
22. h4 Rfe8 23. b4 Bb8 24. Na4 d4 25. Bf2 Nd7 26. Nc5 Nxc5 27. Rxc5 f6 28. Kg2
Kf7 29. h5 Bd6 30. Rc4 Ke7 31. Rxd4 Kd7 32. Rde4 Rc8 33. Rd1 Kc6 34. d4 b5 35.
dxe5 Rxe5 36. Red4 Rd8 37. Bg3 Re2+ 38. Kf1 Re5 39. Bxe5 fxe5 40. R4d3 Bc7 41.
Rxd8 1-0

[Event "Challenge"]
[Site "http://www.queenalice.com/game.php?id=22587"]
[Date "2005.8.4"]
[Round "-"]
[White "Gebot"]
[Black "colorm"]
[Result "0-1"]
[WhiteElo "1811"]
[BlackElo "1886"]

1. e4 c5 2. Bc4 e6 3. a4 Nc6 4. c3 Nf6 5. d3 Be7 6. f4 d5 7. exd5 exd5 8. Bb3
O-O 9. Nf3 Qc7 10. Na3 Re8 11. Nb5 Qb6 12. c4 d4 13. O-O a6 14. Na3 Bd6 15. Bd2
Bf5 16. Ne1 Ng4 17. Rb1 Ne3 18. Bxe3 dxe3 19. Qh5 g6 20. Qd1 e2 21. Qd2 exf1=Q+
22. Kxf1 Qxb3 23. h3 Rad8 24. g4 Rxe1+ 25. Rxe1 Qxd3+ 26. Qxd3 Bxd3+ 27. Kf2
Bxf4 28. Kf3 Bg5 29. Nb1 Nd4+ 30. Kg3 Ne2+ 31. Kf2 Bh4+ 0-1

[Event "Challenge"]
[Site "http://www.queenalice.com/game.php?id=29173"]
[Date "2005.9.17"]
[Round "-"]
[White "colorm"]
[Black "salso"]
[Result "1-0"]
[WhiteElo "1895"]
[BlackElo "1896"]

1. d4 d5 2. Nf3 c5 3. e3 e6 4. c3 Nf6 5. Bd3 Ne4 6. Nbd2 f5 7. Ne5 Qh4 8. g3 Qh3
9. Bf1 Qh6 10. Bg2 Bd6 11. c4 O-O 12. cxd5 exd5 13. Ndf3 c4 14. O-O Nd7 15. Qe2
Bxe5 16. Nxe5 Nxe5 17. dxe5 Qe6 18. f4 Bd7 19. Bd2 a5 20. Rfd1 b5 21. Bc3 Bc6
22. Bxe4 dxe4 23. Rd6 Qe8 24. Rad1 Ra6 25. a4 Bb7 26. axb5 Qxb5 27. R6d4 Rc6 28.
Rd5 Rc5 29. Rd7 Rd5 30. e6 Rxd1+ 31. Qxd1 Re8 32. Rxg7+ Kf8 33. Qh5 Re7 34. Qxh7
Rxg7 35. Qxg7+ Ke8 36. Bf6 1-0

[Event "Challenge"]
[Site "http://www.queenalice.com/game.php?id=30395"]
[Date "2005.9.25"]
[Round "-"]
[White "colorm"]
[Black "dnptrs"]
[Result "1-0"]
[WhiteElo "1911"]
[BlackElo "1946"]

1. e4 c5 2. Nf3 Nc6 3. d4 cxd4 4. Nxd4 Nf6 5. Nc3 Qa5 6. Nb3 Qc7 7. Be2 e6 8.
O-O a6 9. Be3 Bb4 10. Bd2 O-O 11. Bd3 d5 12. exd5 exd5 13. a3 Be7 14. h3 Rd8 15.
Qf3 Ne5 16. Qg3 Bd6 17. Qe3 Nc4 18. Qf3 Nxb2 19. Nd4 Be5 20. Nce2 Ne8 21. Ra2
Nxd3 22. cxd3 Qd6 23. Ba5 b6 24. Bb4 Qd7 25. Rc1 Bb7 26. Nf5 Bd6 27. Ned4 Bxb4
28. axb4 g6 29. Nh6+ Kg7 30. Ng4 h5 31. Ne5 Qe7 32. Nec6 Bxc6 33. Nxc6 Qg5 34.
Rac2 Rd7 35. Nd4 Qf6 36. Qxf6+ Nxf6 37. Rc6 Rb8 38. Ra1 Ra7 39. Nb5 Raa8 40. Nc7
Ra7 41. Rxa6 Rbb7 42. Rcxb6 Rxb6 43. Rxa7 Rxb4 44. Ne6+ Kg8 45. Ra8+ Kh7 46.
Ng5+ Kg7 47. Ra7 Rf4 48. Nxf7 Kf8 49. Ng5 Ke8 50. Ra6 Ke7 51. g3 Rf5 52. f4 h4
53. Nf3 hxg3 54. Nh4 Rh5 55. Nxg6+ Kf7 56. Ne5+ Ke7 57. Kg2 Rf5 58. Kxg3 Nh5+
59. Kg4 Rxf4+ 60. Kg5 Rf6 61. Ng6+ Kf7 62. Ra7+ 1-0

[Event "Challenge"]
[Site "http://www.queenalice.com/game.php?id=42650"]
[Date "2005.12.9"]
[Round "-"]
[White "Pato"]
[Black "colorm"]
[Result "0-1"]
[WhiteElo "1939"]
[BlackElo "1940"]

1. e4 c5 2. d4 cxd4 3. c3 dxc3 4. Nxc3 Nc6 5. Bc4 e6 6. Nf3 d6 7. O-O Nf6 8. Qe2
Be7 9. Rd1 e5 10. h3 O-O 11. b4 Nxb4 12. Nxe5 Qc7 13. Nb5 Qa5 14. Nf3 Bd7 15.
Nxd6 Ba4 16. Nf5 Rae8 17. Nxe7+ Rxe7 18. e5 Bxd1 19. Qxd1 Rc7 20. Bb3 Nfd5 21.
Bd2 Nc3 22. Qe1 Nd3 23. Qe3 Qb5 24. Qxa7 Nxe5 25. Nxe5 Qxe5 26. Re1 Ne2+ 27. Kh1
Qd4 28. Qa5 Rc5 29. Qb4 Qxf2 30. Rxe2 Qxe2 31. Bf4 Rb5 32. Qa4 Rf5 33. Bg3 Rf1+
34. Kh2 Qe3 35. h4 Qc1 36. Kh3 Rh1+ 37. Kg4 Rd8 38. Bf4 Qc8+ 39. Kf3 Rxh4 40. g3
Qg4+ 41. Ke3 Rh2 42. Qc4 Re2+ 0-1

[Event "Challenge"]
[Site "http://www.queenalice.com/game.php?id=42651"]
[Date "2005.12.9"]
[Round "-"]
[White "Rookpig"]
[Black "colorm"]
[Result "0-1"]
[WhiteElo "1946"]
[BlackElo "1957"]

1. e4 c5 2. Nc3 Nc6 3. f4 e5 4. Nf3 d6 5. Bc4 Be7 6. f5 a6 7. a4 Nf6 8. d3 O-O
9. O-O Nb4 10. Qe1 Nxc2 11. Qg3 Nxa1 12. Bh6 Ne8 13. Nd5 Kh8 14. f6 Bxf6 15.
Nxf6 gxh6 16. Nh5 Be6 17. Nxe5 Bxc4 18. dxc4 dxe5 19. Qxe5+ Kg8 20. Qg3+ Qg5 0-1

[Event "Challenge"]
[Site "http://www.queenalice.com/game.php?id=45038"]
[Date "2005.12.24"]
[Round "-"]
[White "Pato"]
[Black "colorm"]
[Result "1/2-1/2"]
[WhiteElo "1997"]
[BlackElo "1937"]

1. f4 d5 2. Nf3 c5 3. e3 Nc6 4. b3 Nf6 5. Bb2 e6 6. Bb5 a6 7. Bxc6+ bxc6 8. d3
Be7 9. Ne5 Qc7 10. Nd2 O-O 11. O-O Bd6 12. Ndf3 Ne8 13. Qe2 f6 14. Ng4 a5 15. a4
Qb6 16. Kh1 Be7 17. e4 dxe4 18. dxe4 Ba6 19. Qf2 Bxf1 20. Rxf1 Rb8 21. e5 f5 22.
Ne3 Qb4 23. Nc4 Nc7 24. Bc1 Qb7 25. Nxa5 Qa8 26. Nc4 Rfd8 27. h4 Nd5 28. Ng5 Nc7
29. Qf3 Qa6 30. Qh5 Bxg5 31. fxg5 Rd4 32. g6 hxg6 33. Qxg6 Rxh4+ 34. Kg1 Rg4 35.
Qh5 Nd5 36. Rf3 Rxc4 37. bxc4 Qxc4 38. Rh3 Qg4 39. Qh8+ Kf7 40. Qxb8 Qd1+ 41.
Kh2 Qxc1 42. Qa7+ Ne7 43. Qxc5 Qf4+ 44. Kg1 Qc1+ 45. Kh2 Qf4+ 46. Kh1 Qc1+ 47.
Qg1 Qxc2 48. Qa1 Nd5 49. a5 Nf4 50. Rh2 Nd3 51. a6 Nf2+ 52. Kg1 Ng4 53. Rh3 Qc5+
54. Kh1 Nf2+ 55. Kh2 Ng4+ 56. Kh1 Nf2+ 57. Kh2 Ng4+ 58. Kh1 Nf2+ 59. Kh2 Ng4+
1/2-1/2

[Event "Challenge"]
[Site "http://www.queenalice.com/game.php?id=52820"]
[Date "2006.2.13"]
[Round "-"]
[White "Pato"]
[Black "colorm"]
[Result "0-1"]
[WhiteElo "1981"]
[BlackElo "1939"]

1. f4 f5 2. e4 fxe4 3. d3 exd3 4. Bxd3 Nf6 5. g4 d5 6. g5 Ne4 7. Nc3 Nxc3 8.
bxc3 g6 9. h4 c5 10. h5 c4 11. hxg6 cxd3 12. Rxh7 Qb6 13. Nf3 Rg8 14. Qxd3 Qxg6
15. Ne5 Qxd3 16. cxd3 Bf5 17. Rh2 Nd7 18. d4 Rc8 19. Rb2 b6 20. Bd2 e6 21. a4
Nxe5 22. fxe5 Be7 23. a5 Bxg5 24. axb6 axb6 25. Rxb6 Bxd2+ 26. Kxd2 Rg2+ 0-1

[Event "Challenge"]
[Site "http://www.queenalice.com/game.php?id=84688"]
[Date "2006.7.11"]
[Round "-"]
[White "ekup"]
[Black "colorm"]
[Result "1/2-1/2"]
[WhiteElo "1863"]
[BlackElo "1913"]

1. e4 c5 2. Nf3 d6 3. Bc4 e6 4. c3 Nf6 5. d3 Be7 6. h3 a6 7. a3 Nc6 8. O-O b5 9.
Ba2 O-O 10. Bf4 e5 11. Be3 Rb8 12. Nbd2 a5 13. Re1 b4 14. axb4 axb4 15. d4 bxc3
16. bxc3 cxd4 17. cxd4 Nd7 18. Qc2 exd4 19. Nxd4 Nb4 20. Qd1 Nxa2 21. Rxa2 Re8
22. Nc6 Qc7 23. Nxb8 Qxb8 24. Bd4 Qb4 25. Nf3 Nc5 26. Ra7 Bf8 27. e5 dxe5 28.
Bxe5 Bb7 29. Ra1 f6 30. Bg3 Bxf3 31. gxf3 Rxe1+ 32. Qxe1 Qxe1+ 33. Rxe1 Kf7 34.
Kg2 Ne6 35. f4 Nd4 36. Rb1 g6 37. h4 h5 38. Rb6 Be7 39. Ra6 Ke8 40. Ra7 Kf7 41.
f3 Ke6 42. Bf2 Nf5 43. Kf1 Bd6 44. Ra6 Kf7 45. Ra7+ Ke6 46. Ra6 Kf7 47. Ra7+ Ke6
48. Ra6 Kf7 49. Ra4 Ke6 50. Be1 Kd5 51. Bf2 Kc6 52. Ke2 Kd5 53. Kd3 Be7 54. Ra5+
Ke6 55. Ra6+ Kd5 56. Ra5+ Ke6 57. Ra6+ Kd5 58. Ra7 Bd6 59. Ra5+ Ke6 60. Ra6 Kd5
61. Ra5+ Ke6 62. Ke4 Kf7 63. Kd5 Bxf4 64. Ra7+ Ne7+ 65. Ke4 Bd6 66. f4 Ke6 67.
Ra6 Kd7 68. Bd4 f5+ 69. Ke3 Nd5+ 70. Kf3 Ne7 71. Be5 Bb4 72. Bf6 Bd6 73. Be5 Bc5
74. Bf6 Bd6 75. Bxe7 Kxe7 76. Ke3 Bc5+ 77. Kf3 Kf7 78. Rc6 Bd4 79. Rd6 Bc5 80.
Rc6 Bd4 81. Rd6 Bc5 82. Rd5 Be7 83. Kg3 Bb4 84. Rb5 Be1+ 85. Kh3 Bd2 86. Kg3
Be1+ 87. Kh3 Bd2 88. Kg3 Be1+ 89. Kh3 1/2-1/2

[Event "Challenge"]
[Site "http://www.queenalice.com/game.php?id=85474"]
[Date "2006.7.13"]
[Round "-"]
[White "etits"]
[Black "colorm"]
[Result "1/2-1/2"]
[WhiteElo "1526"]
[BlackElo "1928"]

1. e4 c5 2. Nf3 d6 3. Bc4 e6 4. c3 Nf6 5. Qc2 a6 6. a3 b5 7. Ba2 Be7 8. O-O Qc7
9. h3 Bb7 10. d3 O-O 11. Bg5 h6 12. Bf4 e5 13. Be3 Nbd7 14. Nbd2 Rac8 15. Rfe1
a5 16. Nh2 b4 17. axb4 axb4 18. Rec1 Qb8 19. Ndf3 bxc3 20. bxc3 Qc7 21. Qd2 d5
22. Ng4 Nxg4 23. hxg4 dxe4 24. dxe4 Nf6 25. Bd5 Nxe4 26. Bxe4 Bxe4 27. Qe2 c4
28. Ra7 Bxf3 29. Qxf3 Qd6 30. Rd1 Qf6 31. Qe4 Rfd8 32. Rad7 Rxd7 33. Rxd7 Rd8
34. Rxd8+ Bxd8 35. Qxc4 Qd6 36. Qb4 Qd3 37. g3 Kh7 38. c4 Qd1+ 39. Kg2 Qxg4 40.
Qd6 Qc8 41. c5 Qc7 42. Qd3+ g6 43. Qd5 h5 44. c6 Kg7 45. f4 Bf6 46. fxe5 Bxe5
47. Bf2 Kf8 48. Bc5+ Ke8 49. Bb6 Qd6 50. Qe4 Qd2+ 51. Bf2 Qc3 52. Qd5 Kf8 53.
Qd7 Kg7 54. Qd5 Kf6 55. Kf1 Qc1+ 56. Kg2 Qc2 57. Kf3 Qf5+ 58. Kg2 Qc2 59. Kf1
Qc1+ 60. Kg2 Qc3 61. Kf1 Qc1+ 62. Kg2 Qc3 63. Kh2 Kg7 64. Kg2 Kf6 65. Kh2 Qc2
66. Kg2 1/2-1/2

[Event "Challenge"]
[Site "http://www.queenalice.com/game.php?id=89404"]
[Date "2006.7.25"]
[Round "-"]
[White "peaodeborracha"]
[Black "colorm"]
[Result "1-0"]
[WhiteElo "2078"]
[BlackElo "1956"]

1. e4 c5 2. Nf3 d6 3. d4 cxd4 4. Nxd4 Nf6 5. Nc3 a6 6. Bg5 e6 7. f4 Be7 8. Qf3
Qc7 9. O-O-O Nbd7 10. g4 b5 11. Bxf6 Nxf6 12. g5 Nd7 13. f5 Bxg5+ 14. Kb1 Nc5
15. Bxb5+ axb5 16. Ndxb5 Qe7 17. Nxd6+ Kf8 18. Rhg1 e5 19. Qf2 Nd7 20. Nxc8 Rxc8
21. Rxg5 Qxg5 22. Rxd7 h5 23. Nd5 Qg4 24. Qc5+ Kg8 25. Qxc8+ Kh7 26. Nf6+ 1-0

[Event "Challenge"]
[Site "http://www.queenalice.com/game.php?id=111100"]
[Date "2006.9.28"]
[Round "-"]
[White "CarlosCapaDuarte"]
[Black "colorm"]
[Result "1-0"]
[WhiteElo "1985"]
[BlackElo "1942"]

1. d4 Nf6 2. c4 c5 3. d5 d6 4. Nc3 e6 5. Nf3 exd5 6. cxd5 g6 7. e4 Bg7 8. Be2
O-O 9. O-O Re8 10. Nd2 a6 11. a4 Nbd7 12. Qc2 b6 13. f4 Qe7 14. Bf3 Rb8 15. Nc4
1-0

[Event "Challenge"]
[Site "http://www.queenalice.com/game.php?id=111102"]
[Date "2006.9.28"]
[Round "-"]
[White "colorm"]
[Black "CarlosCapaDuarte"]
[Result "0-1"]
[WhiteElo "1958"]
[BlackElo "1952"]

1. Nf3 Nf6 2. g3 d5 3. Bg2 c6 4. h3 Bf5 5. d4 Nbd7 6. Nh4 Be4 7. f3 Bg6 8. O-O
e6 9. Nd2 Bd6 10. Qe1 Nh5 11. Nxg6 Bxg3 12. Qd1 hxg6 13. e3 Qc7 14. f4 g5 0-1

[Event "Challenge"]
[Site "http://www.queenalice.com/game.php?id=111397"]
[Date "2006.9.29"]
[Round "-"]
[White "Ernani"]
[Black "colorm"]
[Result "1/2-1/2"]
[WhiteElo "1901"]
[BlackElo "1914"]

1. e4 c5 2. Nf3 d6 3. d4 cxd4 4. Nxd4 Nf6 5. Nc3 a6 6. Bg5 e6 7. Bd3 Be7 8. O-O
b5 9. Qf3 Qc7 10. Rfe1 Bb7 11. Qg3 Nbd7 12. f3 O-O 13. h4 b4 14. Nce2 Ne5 15.
Bxf6 Bxf6 16. b3 Qc5 17. Qf2 Nc6 18. c3 bxc3 19. Nc2 Qxf2+ 20. Kxf2 Bxh4+ 21. g3
Ne5 22. Bxa6 Bxa6 23. gxh4 Nd3+ 24. Kf1 Nxe1 25. Kxe1 Bd3 26. Nb4 Bxe2 27. Kxe2
Rfb8 28. Nc2 Ra5 29. Kd3 Rc8 30. b4 Rh5 31. Rh1 Kf8 32. a4 g5 33. a5 gxh4 34. f4
h3 35. Ke3 h2 36. Kf3 Rc4 37. a6 Rc7 38. Kg4 Rb5 39. Rxh2 Ra7 40. Rh3 Rxa6 41.
Rxc3 Kg7 42. Rb3 Rab6 43. Kf3 h5 44. Kg3 Kg6 45. Kh4 Kh6 46. Rd3 Rxb4 47. Nxb4
Rxb4 48. Rxd6 Rxe4 49. Kg3 Kg6 50. Rb6 h4+ 51. Kxh4 Rxf4+ 52. Kg3 Kf5 53. Rb7 f6
54. Rh7 Ke4 55. Ra7 e5 56. Ra3 Kf5 57. Ra6 Kg5 58. Ra5 f5 59. Rxe5 Re4 60. Rxe4
fxe4 61. Kf2 Kf6 62. Ke3 Ke5 63. Ke2 Kf4 64. Kf2 Kg4 65. Ke3 Kf5 66. Ke2 Kf4 67.
Kf2 e3+ 68. Ke2 Ke4 69. Ke1 Kf3 70. Kf1 e2+ 71. Ke1 Ke3 1/2-1/2

[Event "Challenge"]
[Site "http://www.queenalice.com/game.php?id=111398"]
[Date "2006.9.29"]
[Round "-"]
[White "Petrozan"]
[Black "colorm"]
[Result "1-0"]
[WhiteElo "2123"]
[BlackElo "1914"]

1. e4 c5 2. Nf3 d6 3. d4 cxd4 4. Nxd4 Nf6 5. Nc3 a6 6. Bg5 e6 7. f4 Be7 8. Qf3
Qc7 9. O-O-O Nbd7 10. Bd3 h6 11. Bh4 Nc5 12. Nb3 Nxb3+ 13. axb3 Bd7 14. Rhe1 Bc6
15. Bxf6 gxf6 16. f5 Qa5 17. Kb1 h5 18. fxe6 fxe6 19. Nd5 Kf7 20. b4 Qd8 21. Nf4
Qc7 22. Bc4 Bd7 23. Bb3 Qc8 24. e5 d5 25. Bxd5 1-0

[Event "Challenge"]
[Site "http://www.queenalice.com/game.php?id=111401"]
[Date "2006.9.29"]
[Round "-"]
[White "colorm"]
[Black "Petrozan"]
[Result "0-1"]
[WhiteElo "1913"]
[BlackElo "2177"]

1. e4 c5 2. f4 Nf6 3. Nc3 d5 4. e5 d4 5. exf6 dxc3 6. Bb5+ Nc6 7. Bxc6+ bxc6 8.
fxg7 cxd2+ 9. Qxd2 Qxd2+ 10. Bxd2 Bxg7 11. O-O-O Rb8 12. c3 Be6 13. a3 Bb3 14.
Re1 Rg8 15. Nh3 Bf6 16. Rhg1 Bd5 17. Re2 Bc4 18. Ree1 e6 19. Nf2 Be7 20. f5 exf5
21. Bf4 Rd8 22. g3 Rg6 23. Re3 Re6 24. Rge1 a5 25. Bc7 Rd7 26. Bxa5 Bg5 0-1

[Event "Challenge"]
[Site "http://www.queenalice.com/game.php?id=119544"]
[Date "2006.10.21"]
[Round "-"]
[White "dede1900"]
[Black "colorm"]
[Result "1-0"]
[WhiteElo "1944"]
[BlackElo "1911"]

1. e4 c5 2. Nf3 d6 3. d4 cxd4 4. Nxd4 Nf6 5. Nc3 a6 6. Be3 e6 7. Be2 Be7 8. a4
Qc7 9. f4 Nbd7 10. f5 e5 11. Nb3 b6 12. O-O Bb7 13. Bf3 Bc6 14. Nd5 Qb7 15. c4
Rc8 16. a5 b5 17. Nxe7 Kxe7 18. c5 Nxe4 19. Bxe4 Bxe4 20. Qxd6+ Ke8 21. Rf2 Rc6
22. Qd2 Ke7 23. Re1 f6 24. Bh6 gxh6 25. Rxe4 Nxc5 26. Nxc5 Rxc5 27. Rg4 Qc8 28.
h3 Rf8 29. Rg7+ Rf7 30. Rxf7+ Kxf7 31. Qxh6 Qg8 32. Rd2 Ke7 33. b4 Rc4 34. Qe3
Qc8 35. Qh6 Qg8 36. g4 Rxb4 37. Qe3 Qc8 38. Kh2 Rc4 39. Qh6 Qg8 40. g5 Rc6 41.
g6 hxg6 42. fxg6 Rc8 43. Rf2 Rc6 44. g7 Kf7 45. Qh5+ Ke7 46. Qg6 Rd6 47. h4 Re6
48. h5 e4 49. h6 e3 50. h7 exf2 51. hxg8=Q f1=N+ 52. Kg1 1-0

[Event "Challenge"]
[Site "http://www.queenalice.com/game.php?id=122429"]
[Date "2006.10.27"]
[Round "-"]
[White "colorm"]
[Black "dede1900"]
[Result "1-0"]
[WhiteElo "1884"]
[BlackElo "1973"]

1. e4 c5 2. Nf3 d6 3. d4 cxd4 4. Nxd4 Nf6 5. Nc3 a6 6. Bc4 e6 7. Bb3 b5 8. O-O
Bb7 9. Re1 Nbd7 10. Bg5 Nc5 11. Bd5 Qc7 12. Bxf6 gxf6 13. b4 O-O-O 14. bxc5 exd5
15. c6 Bxc6 16. Nxd5 Bxd5 17. exd5 Qc3 18. Nc6 Rd7 19. Re3 Qc4 20. a4 b4 21. Rb1
a5 22. Nxa5 Qc5 23. Nb3 Qc4 24. a5 Bh6 25. Rd3 Rc7 26. Rb2 Re8 27. Ra2 Rce7 28.
Kf1 Qe4 29. Ra1 f5 30. a6 Kb8 31. Rd4 Qe5 32. Rxb4+ Ka8 33. Rh4 Bg7 34. Rxh7 Rh8
35. Rxh8+ Bxh8 36. Kg1 Qe4 37. Rb1 Re5 38. c4 Qxc4 39. Na5 Rxd5 40. Qf3 Qd3 41.
Qxd3 Rxd3 42. Nc6 Bb2 43. h4 Rd2 44. h5 Rc2 45. Nb4 Rc1+ 46. Rxc1 Bxc1 47. Nc6
Bg5 48. Kf1 Bf6 49. h6 d5 50. h7 f4 51. Ke2 Bg7 52. Kf3 f5 53. Kxf4 d4 54. Kf3
f4 55. Ke4 1-0

[Event "Ernani x Colorm"]
[Site "http://www.queenalice.com/game.php?id=143775"]
[Date "2006.12.19"]
[Round "-"]
[White "Ernani"]
[Black "colorm"]
[Result "1-0"]
[WhiteElo "1986"]
[BlackElo "1896"]

1. e4 c5 2. Nf3 d6 3. Bb5+ Bd7 4. Qe2 a6 5. Bxd7+ Qxd7 6. O-O Nc6 7. Nc3 Nf6 8.
Nd5 Nxd5 9. exd5 Nb4 10. c4 Qf5 11. Ne1 Nxa2 12. Rxa2 Qb1 13. Ra3 1-0